| 000 | 00824nam1a22002051i 4500 | ||
|---|---|---|---|
| 001 | v19\rc\2016114 | ||
| 005 | 20240726035952.0 | ||
| 035 | _a(NLR Aleph) 005097048 | ||
| 090 |
_a7354786 _c7354786 |
||
| 100 | _a20080925g19031904|||y0rusy50 ca | ||
| 101 | 0 | _arus | |
| 102 | _aRU | ||
| 105 | _ay z ||||| | ||
| 200 | 1 |
_aБогословие _e[Чтение 1]- |
|
| 210 |
_aМосква _cКомис. по устройству общеобразовательных чтений для фабрично-заводск. рабочих г. Москвы _d1903-1904 |
||
| 225 | 1 | _aОбщеобразовательные чтения для фабрично-заводских рабочих города Москвы | |
| 801 | 0 |
_aRU _bNLR _gpsbo |
|
| 801 | 1 |
_aRU _bProSoft-M _2rusmarc |
|
| 852 |
_aNLR _jШифры разные |
||
| 942 | _cBOOK | ||